Chansons françaises des années 2000 - mort subite - Statistiques

Statistiques générales
  • Ce quiz a été pris 792 fois
  • Le résultat moyen est 3 sur 16
Answers on the Grid
Answers color-coded by a green-red scale on the quiz's grid according to % correct below.
Belle (Notre-Dame-de-Paris)
Toutes les femmes de ta vie (L5)
4 mots sur un piano (Fiori, Goldman, Ricol)
Un point c'est toi (Zazie)
Ne retiens pas tes larmes (Amel Bent)
Il avait les mots (Sheryfa Luna)
Aller plus haut (Tina Arena)
Ensemble (Jean-Jacques Goldman)
Dernière danse (Kyo)
Dernière danse (Indila)
Je m'en vais (Cali)
Lola (Superbus)
La boulette (Diam's)
Parle à ma main (Fatal Bazooka)
L'effet papillon (Bénabar)
La nuit je mens (Alain Bashung)
Il y a (Vanessa Paradis)
Parler à mon père (Céline Dion)
La terre est ronde (Orelsan)
Le chant des sirènes (Fréro Delavega)
Les sardines (Patrick Sebastien)
Je n'ai que mon âme (Natasha St-Pier)
Ton invitation (Louise Attaque)
Foule sentimentale (Alain Souchon)
Aïcha (Khaled)
Dieu m'a donné la foi (Ophélie Winter)
Allumer le feu (Johnny Hallyday)
En apesanteur (Calogero)
Qui de nous deux (M)
Je me lâche (Christophe Maé)
Le sens de la vie (Tal)
Tous les mêmes (Stromae)
 
Statistiques - réponses
Réponse % Correct
2006 La boulette (Diam's)
34%
2002 En apesanteur (Calogero)
28%
2003 Dernière danse (Kyo)
27%
2007 Parle à ma main (Fatal Bazooka)
27%
2007 Il avait les mots (Sheryfa Luna)
25%
2005 Ne retiens pas tes larmes (Amel Bent)
19%
2001 Toutes les femmes de ta vie (L5)
19%
2006 Lola (Superbus)
18%
2008 L'effet papillon (Bénabar)
15%
2007 4 mots sur un piano (Fiori, Goldman, Ricol)
11%
2009 Il y a (Vanessa Paradis)
9%
2006 Les sardines (Patrick Sebastien)
9%
2003 Qui de nous deux (M)
9%
2001 Je n'ai que mon âme (Natasha St-Pier)
6%
2001 Ensemble (Jean-Jacques Goldman)
5%
2005 Je m'en vais (Cali)
5%
Aucun quiz correspondant
Distribution des résultats
% des personnes avec chaque résultat
Percentile par nombre de réponses
Votre historique - résultats
Vous n’avez pas pris ce quiz